India quarterly. (Record no. 26500)
[ view plain ]
| 000 -LEADER | |
|---|---|
| fixed length control field | 01300cas a2200397 4500 |
| 001 - CONTROL NUMBER | |
| control field | 11143022 |
| 005 - DATE AND TIME OF LATEST TRANSACTION | |
| control field | 20030302155905.0 |
| 008 - FIXED-LENGTH DATA ELEMENTS--GENERAL INFORMATION | |
| fixed length control field | 751101c19459999ii qr0p 0 a0eng |
| 010 ## - LIBRARY OF CONGRESS CONTROL NUMBER | |
| LC control number | 47029726 |
| 022 ## - INTERNATIONAL STANDARD SERIAL NUMBER | |
| International Standard Serial Number | 0974-9284 |
| Incorrect ISSN | 0019-4220 |
| 022 ## - INTERNATIONAL STANDARD SERIAL NUMBER | |
| Incorrect ISSN | 0251-3048 |
| 035 ## - SYSTEM CONTROL NUMBER | |
| System control number | (OCoLC)ocm01752770 |
| 040 ## - CATALOGING SOURCE | |
| Original cataloging agency | DLC |
| Transcribing agency | MnMULS |
| Modifying agency | CtY |
| -- | NIC |
| -- | NSDP |
| -- | DLC |
| -- | AIP |
| -- | NST |
| -- | MH |
| -- | OCoLC |
| -- | DNLM |
| -- | OCoLC |
| 042 ## - AUTHENTICATION CODE | |
| Authentication code | nsdp |
| -- | lc |
| 050 ## - LIBRARY OF CONGRESS CALL NUMBER | |
| Classification number | D410 |
| Item number | .I44 |
| 082 ## - DEWEY DECIMAL CLASSIFICATION NUMBER | |
| Classification number | 052 |
| 210 ## - ABBREVIATED TITLE | |
| Abbreviated title | India q. |
| 222 ## - KEY TITLE | |
| Key title | India quarterly |
| 245 ## - TITLE STATEMENT | |
| Title | India quarterly. |
| 260 ## - PUBLICATION, DISTRIBUTION, ETC. (IMPRINT) | |
| Place of publication, distribution, etc | New Delhi, |
| Name of publisher, distributor, etc | Indian Council of World Affairs [etc.] |
| 260 ## - PUBLICATION, DISTRIBUTION, ETC. (IMPRINT) | |
| Place of publication, distribution, etc | New Delhi, |
| Name of publisher, distributor, etc | Sage Publications |
| 300 ## - PHYSICAL DESCRIPTION | |
| Extent | v. |
| Dimensions | 25 cm. |
| 310 ## - CURRENT PUBLICATION FREQUENCY | |
| Current publication frequency | Quarterly |
| 362 ## - DATES OF PUBLICATION AND/OR SEQUENTIAL DESIGNATION | |
| Dates of publication and/or sequential designation | v. 1- Jan. 1945- |
| 590 ## - LOCAL NOTE (RLIN) | |
| Local note | SERBIB/SERLOC merged record |
| 650 ## - SUBJECT ADDED ENTRY--TOPICAL TERM | |
| Topical term or geographic name as entry element | World politics |
| Chronological subdivision | 20th century |
| Form subdivision | Periodicals. |
| 9 (RLIN) | 25976 |
| 710 ## - ADDED ENTRY--CORPORATE NAME | |
| Corporate name or jurisdiction name as entry element | Indian Council of World Affairs. |
| 9 (RLIN) | 25977 |
| 856 ## - ELECTRONIC LOCATION AND ACCESS | |
| Uniform Resource Identifier | <a href="http://iqq.sagepub.com">http://iqq.sagepub.com</a> |
| 906 ## - LOCAL DATA ELEMENT F, LDF (RLIN) | |
| a | 7 |
| b | cbc |
| c | serials |
| d | 3 |
| e | ncip |
| f | 19 |
| g | n-oclcserc |
| 936 ## - OCLC/CONSER MISCELLANEOUS DATA (OCLC); PIECE USED FOR CATALOGING (pre-AACR2) (RLIN) | |
| OCLC control number(s) of parallel record(s) (OCLC); Piece used for cataloging, PUC (RLIN) | Unknown |
| -- | July/Sept. 1975 (surrogate) |
| 942 ## - ADDED ENTRY ELEMENTS (KOHA) | |
| Source of classification or shelving scheme | Dewey Decimal Classification |
| Item type | Periodicals |
| Classification part | 052 |
| Call number suffix | IND |
| Serial record | 1 |
| Withdrawn status | Lost status | Source of classification or shelving scheme | Damaged status | Not for loan | Collection code | Home library | Current library | Date acquired | Total Checkouts | Full call number | Date last seen | Price effective from | Koha item type |
|---|---|---|---|---|---|---|---|---|---|---|---|---|---|
| Dewey Decimal Classification | Not For Loan | Non-fiction | D.B.Act.Division | D.B.Act.Division | 18/05/2009 | 052 IND | 18/05/2009 | 18/05/2009 | Periodicals |
